| 000 | 00679nam a2200217 a 4500 | ||
|---|---|---|---|
| 001 | 2530950 | ||
| 005 | 20250207195615.0 | ||
| 008 | 930907s1993 nyu b 001 0 eng | ||
| 020 | _a1566620651 (alk. paper) | ||
| 050 | 0 | 0 |
_aKF801 _b.C44 1993 |
| 082 | 0 | 0 |
_a346.73/02 _a347.3062 _220 |
| 100 | 1 | _aChirelstein, Marvin A. | |
| 245 | 1 | 0 |
_aConcepts and case analysis in the law of contracts / _cby Marvin A. Chirelstein. |
| 250 | _a2nd ed. | ||
| 260 |
_aWestbury, N.Y. : _bFoundation Press, _c1993. |
||
| 300 |
_aii, ix, 190 p. ; _c24 cm. |
||
| 440 | 0 | _aUniversity textbook series | |
| 500 | _aSpine title: Contracts. | ||
| 650 | 0 |
_aContracts _zUnited States. |
|
| 942 |
_2lcc _cBK _n0 |
||
| 999 |
_c3612 _d3612 |
||